| 000 | 01172cam a2200373 i 4500 | ||
|---|---|---|---|
| 999 |
_c35484 _d35484 |
||
| 003 | BJBSDDR | ||
| 005 | 20230410105358.0 | ||
| 007 | ta | ||
| 008 | 150520s2011 enkac b 001 m eng | ||
| 020 | _a9781848312159 | ||
| 020 | _a1848312156 | ||
| 040 |
_bspa _cBJBSDDR |
||
| 041 | 0 | _aeng | |
| 050 | 1 | 4 |
_aHB 3722 _bO75e 2011 |
| 082 | _a330 | ||
| 100 | 1 |
_aOrrell, David John, _d1962- |
|
| 245 | 1 | 0 |
_aEconomics / _cDavid Orrell and Borin Van Loon. |
| 246 | 3 | _aIntroducing Economics | |
| 260 |
_aLondon: _bIcon Books, _c2011 |
||
| 300 |
_a174 p.: _bill., portrs. ; _c17 cm |
||
| 440 | _aIntroducing (Thriplow, England) | ||
| 500 | _aAt head of title: Introducing. | ||
| 500 | _aA graphic guide T p (cover) | ||
| 504 | _aIncludes bibliographical references: (p.174) and index | ||
| 650 | 0 |
_aEconomics _xHistory _xComic books, strips, etc. |
|
| 650 | 0 |
_aEconomics _xPopular works. |
|
| 650 | 0 |
_aEconomics _xCaricatures and cartoons. |
|
| 650 | 4 |
_aEconomía _xHistoria _92380 |
|
| 650 | 0 |
_aEconomía _xTrabajos populares |
|
| 650 | 0 |
_aEconomía _xCaricaturas y dibujos animados |
|
| 700 | 1 |
_aVan Loon, Borin _d1951- _910607 |
|
| 942 |
_2lcc _cBK |
||
| 946 | _adpf | ||